All Steven Universe Fusions - Statistics

General Stats
  • This quiz has been taken 88 times
  • The average score is 12 of 15
Answer Stats
Components Fusion % Correct
Ruby + Sapphire Garnet
100%
Pearl+Amethyst Opal
96%
Garnet + Pearl + Amethyst Alexandrite
94%
Jasper + Lapis Lazuli Malachite
94%
Rose Quartz/Pink Diamond + Pearl Rainbow Quartz
93%
Steven + Connie Stevonnie
92%
Many Gems in Earths Core The Cluster
92%
Garnet + Pearl + Amethyst + Steven/Rose/Pink Diamond Obsidian
90%
Garnet + Pearl Sardonyx
89%
Amethyst + Steven Smoky Quartz
85%
Steven + Pearl Rainbow Quartz 2.0
83%
Garnet + Amethyst Sugilite
82%
(Some) Ruby + Pearl Rhodonite
58%
Jasper + Corrupted Snow Monster Zebra Jasper
42%
Two different Homeworld Jades Lemon Jade
40%
No matching quizzes found
Score Distribution
Percent of People with Each Score
Percentile by Number Answered
Your Score History
You have not taken this quiz